| Record ID | ia:newschoolinameri00embr |
| Source | Internet Archive |
| Download MARC XML | https://archive.org/download/newschoolinameri00embr/newschoolinameri00embr_marc.xml |
| Download MARC binary | https://www.archive.org/download/newschoolinameri00embr/newschoolinameri00embr_meta.mrc |
LEADER: 00969cam 2200253Ii 4500
001 4981097
005 20041222052731.0
008 811214s1932 ilua 000 0 eng c
010 $ae 34000444
035 $a(OCoLC)ocm07995115
035 $a(NNC)4981097
040 $aLibrary, U.S. Office of Education$cHUH$dHUH$dVYN
043 $apoas---
050 $aLA2270.S3$bE4
099 $a1998
100 1 $aEmbree, Edwin R.$q(Edwin Rogers),$d1883-1950.
245 12 $aA new school in American Samoa /$cby Edwin R. Embree.
260 $aChicago :$bJulius Rosenwald Fund,$c1932.
300 $a20 p. :$bill. ;$c21 cm.
500 $aCover title.
500 $aThis is one of a series of occasional papers issued from time to time by the Julius Rosenwald fund. It is not an official report of the Barstow Foundation but a personal interpretation of the problems faced and of the procedures proposed. -p. 3.
650 0 $aEducation$zAmerican Samoa.
965 $arcp0000
900 $aAUTH